Detalles MARC
| 000 -CABECERA |
| campo de control de longitud fija |
01412nam a2200313 a 4500 |
| 001 - NÚMERO DE CONTROL |
| campo de control |
000048441 |
| 003 - IDENTIFICADOR DEL NÚMERO DE CONTROL |
| campo de control |
Ost |
| 005 - FECHA Y HORA DE LA ÚLTIMA TRANSACCIÓN |
| campo de control |
20260321073644.0 |
| 008 - DATOS DE LONGITUD FIJA--INFORMACIÓN GENERAL |
| campo de control de longitud fija |
190315s2018 dr r 000 j spa d |
| 020 ## - NÚMERO INTERNACIONAL ESTÁNDAR DEL LIBRO |
| Número Internacional Estándar del Libro |
9789945503432 |
| 040 ## - FUENTE DE LA CATALOGACIÓN |
| Centro catalogador/agencia de origen |
DO-SdBNP |
| Lengua de catalogación |
spa |
| Centro/agencia transcriptor |
BNPHU |
| 082 ## - NÚMERO DE LA CLASIFICACIÓN DECIMAL DEWEY |
| Número de clasificación |
RD863.44 |
| Número de documento/Ítem |
B742c, 2018 |
| 100 1# - ENTRADA PRINCIPAL--NOMBRE DE PERSONA |
| Nombre de persona |
Bosch, Juan, |
| Fechas asociadas al nombre |
1909-2001 |
| 9 (RLIN) |
76555 |
| 245 10 - MENCIÓN DE TÍTULO |
| Título |
Cuentos escritos antes del exilio. / |
| Mención de responsabilidad, etc. |
Juan Bosch ; prólogo Bruno Rosario Candelier. |
| 260 ## - PUBLICACIÓN, DISTRIBUCIÓN, ETC. |
| Lugar de publicación, distribución, etc. |
Santo Domingo : |
| Nombre del editor, distribuidor, etc. |
Ministerio de Cultura, |
| Fecha de publicación, distribución, etc. |
2018. |
| 300 ## - DESCRIPCIÓN FÍSICA |
| Extensión |
xxii, 219 p. ; |
| Dimensiones |
19 cm. |
| 490 1# - MENCIÓN DE SERIE |
| Mención de serie |
Biblioteca Dominicana Básica |
| 490 1# - MENCIÓN DE SERIE |
| Mención de serie |
Narrativa; |
| Designación de volumen o secuencia |
17 |
| 500 ## - NOTA GENERAL |
| Nota general |
Incluye datos biográficos del autor en las solapas |
| 504 ## - NOTA DE BIBLIOGRAFÍA, ETC. |
| Nota de bibliografía, etc. |
Bibliografía: p. 17-22 |
| 505 0# - NOTA DE CONTENIDO CON FORMATO |
| Nota de contenido con formato |
La mujer -- |
| Título |
Dos pesos de agua -- |
| -- |
La verdad -- |
| -- |
Piloncito -- |
| -- |
El resguardo -- |
| -- |
El cobarde -- |
| -- |
Chucho -- |
| -- |
La pulpería -- |
| -- |
Revolución -- |
| -- |
El abuelo -- |
| -- |
Sombras -- |
| -- |
El alzado -- |
| -- |
La pájara -- |
| -- |
El algarrobo -- |
| -- |
Forzados -- |
| -- |
El cuchillo -- |
| -- |
Cundito -- |
| -- |
Guaraguaos -- |
| -- |
La sangre -- |
| -- |
Lucero -- |
| -- |
Lo mejor -- |
| -- |
San Andrés -- |
| -- |
La negación -- |
| -- |
Camino real. |
| 590 ## - NOTA LOCAL (RLIN) |
| Nota local |
Inventariado, 2019/BT |
| 650 10 - PUNTO DE ACCESO ADICIONAL DE MATERIA--TÉRMINO DE MATERIA |
| Término de materia o nombre geográfico como elemento de entrada |
Cuentos dominicanos |
| 9 (RLIN) |
176 |
| 650 10 - PUNTO DE ACCESO ADICIONAL DE MATERIA--TÉRMINO DE MATERIA |
| Término de materia o nombre geográfico como elemento de entrada |
Literatura dominicana. |
| 9 (RLIN) |
67 |
| 700 1# - PUNTO DE ACCESO ADICIONAL--NOMBRE DE PERSONA |
| Nombre de persona |
Rosario Candelier, Bruno, |
| Fechas asociadas al nombre |
1941- |
| Término indicativo de función/relación |
pról. |
| 9 (RLIN) |
851 |
| 830 #0 - PUNTO DE ACCESO ADICIONAL DE SERIE-TÍTULO UNIFORME |
| Título uniforme |
Biblioteca Dominicana Básica |
| Nombre de parte o sección de la obra |
Narrativa |
| Número de parte o sección de la obra |
17 |
| 9 (RLIN) |
75855 |
| 910 ## - DATOS DE OPCIÓN DEL USUARIO (OCLC) |
| Datos de opción del usuario |
Validado. Control de calidad. MFF |
| 942 ## - ELEMENTOS DE PUNTO DE ACCESO ADICIONAL (KOHA) |
| Fuente del sistema de clasificación o colocación |
Dewey Decimal Classification |
| Tipo de ítem Koha |
Libro |